LEADER 02057nam 22004813 450 001 9911022463003321 005 20250904081900.0 010 $a981-9641-32-2 035 $a(MiAaPQ)EBC32276265 035 $a(Au-PeEL)EBL32276265 035 $a(CKB)40861149100041 035 $a(OCoLC)1535399160 035 $a(EXLCZ)9940861149100041 100 $a20250904d2025 uy 0 101 0 $aeng 135 $aurcnu|||||||| 181 $ctxt$2rdacontent 182 $cc$2rdamedia 183 $acr$2rdacarrier 200 10$aLong Waves of Growth, Hegemonic Power, and Climate Change in the World Economy $eDutch, British, US and Chinese Capitalism and Structural Polycrises 205 $a1st ed. 210 1$aSingapore :$cSpringer,$d2025. 210 4$dİ2025. 215 $a1 online resource (891 pages) 225 1 $aEconomics and Finance Series 311 08$a981-9641-31-4 330 $aThis book investigates eras of major geopolitical and socioeconomic power, development, relative demise and potential renewal, for four major political economies.It concentrates on the Dutch Golden Age of the late 1500s and 1600s, British hegemony of the 1800s, Pax Americana of the 1900s, and Chinese potential hegemony of the 2000s, as well as. 410 0$aEconomics and Finance Series 606 $aBUSINESS & ECONOMICS / Development / Economic Development$2bisacsh 606 $aPOLITICAL SCIENCE / International Relations / Trade & Tariffs$2bisacsh 606 $aSOCIAL SCIENCE / Developing & Emerging Countries$2bisacsh 615 7$aBUSINESS & ECONOMICS / Development / Economic Development 615 7$aPOLITICAL SCIENCE / International Relations / Trade & Tariffs 615 7$aSOCIAL SCIENCE / Developing & Emerging Countries 676 $a337.09 700 $aO'Hara$b Phillip Anthony$0257313 801 0$bMiAaPQ 801 1$bMiAaPQ 801 2$bMiAaPQ 906 $aBOOK 912 $a9911022463003321 996 $aLong Waves of Growth, Hegemonic Power, and Climate Change in the World Economy$94431552 997 $aUNINA